| 000 | 00567cam a22002054a 4500 | ||
|---|---|---|---|
| 005 | 20250605164156.0 | ||
| 008 | 250528s ||||||||||||||||||||||||d | ||
| 035 | _a19582 | ||
| 020 | _a9603510343 | ||
| 040 |
_aGR-AtMCL _bgre _dGR-AtMCL _eAACR2 |
||
| 245 | 1 | _aΣΤΟΙΧΕΙΑ ΓΡΑΜΜΙΚΗΣ ΑΛΓΕΒΡΑΣ ΤΟΜΟΣ Α | |
| 250 | _a1 | ||
| 260 |
_bΑ.Σταμουλης, _c1995 |
||
| 300 | _a400 | ||
| 700 | 1 |
_aΓεωργιαδης Π.Ν _95787 |
|
| 700 | 1 |
_aΓεωργιακοδης Μ.Α _95788 |
|
| 942 | _cBK | ||
| 999 |
_c4838 _d4838 |
||